00835nam a2200277Ia 4500008004000000020001800040041000800058082001500066100002100081245005600102250000500158260006000163300001200223650001000235650001400245650001200259650001100271650001600282650000700298650000800305650000600313690002200319906001100341999001900352952018600371210210b2006 xxu||||| |||| 00| 0 eng d a9788120333697 aeng a320.5 BARP aBARADAT (Leon P) aPolitical ideologies: their origins and impact Ed 9 a aNew DelhibPrentice-Hall of India Private Limitedc2006 axiv,322 atheir aPolitical aorigins aimpact aideologies: aEd aand a9 aPolitical Thought a064911 c141754d141754 001040708Political ScienceaALbALcPolitical Scienced2021-02-17ePrajwal Book Distributors, Bangalore-560061g225.00l0o320.5 BARPp064911r2021-02-17 00:00:00w2021-02-17yBK